|
|
|
|
| LEADER |
01134nam a2200289 u 4500 |
| 001 |
10112247 |
| 003 |
upatras |
| 005 |
20210117204945.0 |
| 008 |
140311s1981 fr eng |
| 020 |
|
|
|a 9231016156
|
| 040 |
|
|
|a GR-PaULI
|c GR-PaULI
|
| 041 |
0 |
|
|a eng
|
| 082 |
0 |
4 |
|a 375.001
|
| 100 |
1 |
|
|a Busshoff, Lotte
|4 aut
|9 137250
|
| 245 |
1 |
0 |
|a Curricula and lifelong education
|b studies for UNESCO
|c by L. Busshoff... [et al.]
|
| 260 |
|
|
|a Paris
|b Unesco
|c 1981
|
| 300 |
|
|
|a 360 p.
|b ill.
|c 24 cm.
|
| 490 |
0 |
|
|a Education on the move
|v 1
|
| 504 |
|
|
|a Includes bibliographical references
|
| 650 |
|
4 |
|a Συνεχιζόμενη εκπαίδευση
|x Συνέδρια
|9 34137
|
| 650 |
|
4 |
|a Εκπαίδευση
|x Αναλυτικά προγράμματα
|9 1188
|
| 760 |
0 |
|
|a Education on the move
|g 1
|
| 852 |
|
|
|a GR-PaULI
|b ΠΑΤΡΑ
|b ΠΤΔΕ
|b ΓΕΡ
|k ΑΣΧΞ
|h 375.001 CUR
|m 10083
|p 025000141011
|t 1
|
| 942 |
|
|
|2 ddc
|c BK15
|
| 952 |
|
|
|0 0
|1 0
|4 0
|6 375_001000000000000_CUR
|7 0
|9 164232
|a PTDE
|b PTDE
|d 2016-04-24
|i 10083
|l 0
|o 375.001 CUR
|p 025000141011
|r 2016-04-24 00:00:00
|t 1
|w 2016-04-24
|y BK15
|
| 998 |
|
|
|c ΤΣΕΝΕ
|d 2014-03
|
| 999 |
|
|
|c 103001
|d 103001
|